| 000 | 01216nam0a2200301 4500 | ||
|---|---|---|---|
| 001 | RU\NLR\bibl\1665705 | ||
| 005 | 20260406060241.0 | ||
| 010 | _a978-5-93682-602-3 | ||
| 035 | _a(NLR Aleph) 001656980 | ||
| 090 |
_a957443 _c957443 |
||
| 100 | _a20100528d2010 |||y0rusy50 ca | ||
| 101 | 1 |
_arus _ceng |
|
| 102 | _aRU | ||
| 105 | _aa ||||||||| | ||
| 200 | 1 |
_aСад благоуханный _eиз наставлений по арабской эротологии _fшейх Нефзауи _g[пер. с англ. Александра Шарымова _gрис. Людмилы Милько] |
|
| 210 |
_aСанкт-Петербург _cГеликон Плюс _d2010 |
||
| 215 |
_a207 с. _cил. _d20 |
||
| 333 | _a18+ | ||
| 606 | 1 |
_aЭротика _xв художественной литературе _91983626 _3RU\NLR\auth\661196074 |
|
| 686 | _aШ5(0)961.34-4Нефзави | ||
| 700 | 0 |
_4070 _8rus _7ca _aНефзави _f15 в. _3RU\NLR\auth\7710507 _9120276 |
|
| 702 | 1 |
_4040 _8rus _7ca _aМилько _bЛ. _cхудожник _gЛюдмила _3RU\NLR\auth\7789120 _972048 |
|
| 801 | 0 |
_aRU _bNLR _c20100528 _gRCR |
|
| 801 | 1 |
_aRU _bNLR _c20100528 |
|
| 942 | _cBOOK | ||
| 980 | _aNB | ||
| 980 | _aSUPPRESS | ||